Normal view
MARC view
- Levine, Ruth R
Entry Personal Name
001 - CONTROL NUMBER
- control field: 14976
003 - CONTROL NUMBER IDENTIFIER
- control field: OSt
005 - DATE AND TIME OF LATEST TRANSACTION
- control field: 20260202141639.0
008 - FIXED-LENGTH DATA ELEMENTS
- fixed length control field: 260202|| aca||aabn | a|a d
040 ## - CATALOGING SOURCE
- Original cataloging agency: OSt
- Transcribing agency: OSt
100 ## - HEADING--PERSONAL NAME
- Personal name: Levine, Ruth R
670 ## - SOURCE DATA FOUND
- Source citation: Work cat.: (OSt)5936: Levine, Ruth R., Pharmacology :, c1978.